Russes & allemands (Record no. 166348)

MARC details
000 -LEADER
campo de control de longitud fija 00738nam a22002055i 4500
001 - NÚMERO DE CONTROL
campo de control 166348
003 - IDENTIFICADOR DE NÚMERO DE CONTROL
campo de control ES-MaACL
005 - FECHA Y HORA DE LA ÚLTIMA TRANSACCIÓN
campo de control 20260301142015.0
008 - DATOS DE LONGITUD FIJA--INFORMACIÓN GENERAL
campo de control de longitud fija 050914s1881 fr | |||||||| ||fre d
040 ## - FUENTE DE CATALOGACIÓN
Centro catalogador/agencia de origen CAM
Lengua de catalogación spa
Centro/agencia transcriptor CAM
100 1# - ENTRADA PRINCIPAL--NOMBRE DE PERSONA
Nombre de persona Tissot, Victor.
9 (RLIN) 110345
245 10 - MENCIÓN DEL TÍTULO
Título Russes & allemands
Resto del título : les pères du nihilisme, de l'éducation des femmes en Russie, les universités russes ... /
Mención de responsabilidad, etc. Victor Tissot.
260 ## - PUBLICACIÓN, DISTRIBUCIÓN, ETC.
Lugar de publicación, distribución, etc. Paris :
Nombre del editor, distribuidor, etc. E. Dentu éditeur,
Fecha de publicación, distribución, etc. 1881 (
Lugar de fabricación/manufactura Lagny :
Fabricante F. Aureau)
300 ## - DESCRIPCIÓN FÍSICA
Extensión XV, 336 p. ;
Dimensiones 19 cm.
651 #0 - PUNTO DE ACCESO ADICIONAL DE MATERIA--NOMBRE GEOGRÁFICO
Nombre geográfico Alemania-
Subdivisión cronológica S. XIX
9 (RLIN) 234178
651 #4 - PUNTO DE ACCESO ADICIONAL DE MATERIA--NOMBRE GEOGRÁFICO
Nombre geográfico Rusia-
Subdivisión cronológica S. \RXIX\R.
9 (RLIN) 242879
752 ## - ENTRADA AGREGADA--NOMBRE JERÁRQUICO DEL LUGAR
País o entidad superior Francia -
Ciudad París
852 ## - LOCALIZACIÓN
Ubicación ES-MaACL
Número de control de estantería D-3174
Nota libre -- Rust.
-- -- Legado M. de la Fuente
Holdings
Estatus retirado Estado de pérdida Estado de daño No para préstamo Colección Biblioteca de origen Biblioteca actual Ubicación en estantería Fecha de adquisición Fuente de adquisición Total de préstamos Signatura topográfica completa Código de barras Visto por última vez Precio de reemplazo Tipo de ítem Koha
        Libros del s. XIX Biblioteca del Ateneo de Madrid Biblioteca del Ateneo de Madrid Sala Valle Inclán 17/01/2008     D-3174 901174456 23/02/2023 23/02/2023 Libro impreso antiguo